True Fan Brooklyn 99 Quiz - Statistics

General Stats
  • This quiz has been taken 1,180 times
  • The average score is 4 of 15
Answer Stats
Question Answer % Correct
How many half-sisters does Jake have? 3
71%
Scully and Hitchcock's favourite restaurant Wing Sluts
62%
What did Charles wished he had done more of when he and Gina ended their fling? Moaned
47%
As a kid, where did Jake go after every little league game? Sal's Pizza
45%
What did Rosa and Charles use to trash Lohank's locker? Hair and shaving cream
25%
Whats is the name of Cheddars favourite toy? Mr Hootsworth
23%
Who broke Terry's heart in Japan? Chiaki
21%
What goes through Holt's leg in witness protection? Metal pipe
20%
What was Amy voted in high school? Most appropriate
18%
Where does Kevin work? Columbia University
9%
What was the 99's time in Tactical Villiage 18 minutes and 28 seconds
2%
Where did Doug Judy work on the cruise? All ages piano bar
2%
What does Nikolaj call Jake? Comrade
2%
Where was Rosa when Holt's pie went missing? Minions musical
2%
What was Bill's job before Nutriboom? Prositiute
1%
No matching quizzes found
Score Distribution
Percent of People with Each Score
Percentile by Number Answered
Your Score History
You have not taken this quiz